One Piece - Membres des Cipher Pol - Statistiques

Statistiques générales
  • Ce quiz a été pris 284 fois
  • Le résultat moyen est 10 sur 16
Statistiques - réponses
CP5 % Correct
Rob Lucci
99%
Kaku
98%
Kalifa
92%
Jabura
86%
Spandam
86%
Blueno
83%
Fukuro
63%
Stussy
62%
Kumadori
59%
Nero
52%
Spandine
51%
Wanze
48%
Funkfreed
42%
Jerry
30%
Hatori
24%
Laskey
20%
Aucun quiz correspondant
Distribution des résultats
% des personnes avec chaque résultat
Percentile par nombre de réponses
Votre historique - résultats
Vous n’avez pas pris ce quiz